000 00453nam a2200169Ia 4500
008 240729s9999 xx 000 0 und d
022 _a1877-9603
245 0 _aTicks and Tick-Borne Diseases
260 _aGermany
260 _bElsevier
650 _a Infectious and parasitic diseases
650 _a Internal medicine
650 _aMedicine
856 _uhttps://doaj.org/toc/5c0c8586e81f4232b893388c14a53e2e
942 _2ddc
942 _cDOAJEJ
999 _c69464
_d69464
945 _a1
_bMadushi Gamage
_c1
_dMadushi Gamage